Normal view
MARC view
- إدارة التسويق - إدارة المبيعات
Entry Topical Term
001 - CONTROL NUMBER
- control field: 58000
003 - CONTROL NUMBER IDENTIFIER
- control field: JO-AjAnu
005 - DATE AND TIME OF LATEST TRANSACTION
- control field: 20230606083508.0
008 - FIXED-LENGTH DATA ELEMENTS
- fixed length control field: 230606|| aca||aabn | a|a d
040 ## - CATALOGING SOURCE
- Original cataloging agency: JO-AjAnu
- Transcribing agency: JO-AjAnu
150 ## - HEADING--TOPICAL TERM
- Topical term or geographic name entry element: إدارة التسويق - إدارة المبيعات
670 ## - SOURCE DATA FOUND
- Source citation: Work cat.: (JO-AjAnu)29591: ألدعمي، علاء فرحان طالب /م.مشارك فاطمة عبد علي سلمان المسعودي, author 57999, المعرفة السوقية والقرارات الإستراتيجية